Las acciones de las sociedades mercantiles / (Record no. 19026)

000 -CABECERA
fixed length control field 00940nam a22002297a 4500
003 - IDENTIFICADOR DEL NÚMERO DE CONTROL
control field AR-CdUCM
008 - DATOS DE LONGITUD FIJA--INFORMACIÓN GENERAL
fixed length control field 190516b ||||| |||| 00| 0 spa d
040 ## - FUENTE DE LA CATALOGACIÓN
Agencia/entidad que catalogó originalmente la obra MUNICIPALIDAD PROVINCIAL DEL CUSCO
Entidad que transcribió la catalogación BIBLIOTECA MUNICIPAL DEL CUSCO
082 ## - NÚMERO DE LA CLASIFICACIÓN DECIMAL DEWEY
No. de Clasificación 332.62 /
Notacion interna G27
100 ## - ENTRADA PRINCIPAL--NOMBRE DE PERSONA
Nombre Personal Gasperoni, Nicola
245 ## - MENCIÓN DE TÍTULO
Título Las acciones de las sociedades mercantiles /
260 ## - PUBLICACIÓN, DISTRIBUCIÓN, ETC.
Lugar de publicación, distribución, etc. Madrid :
Nombre de la editorial, distribuidor, etc. Revista de derecho privado,
Fecha de publicación, distribución, etc. 1950.
300 ## - DESCRIPCIÓN FÍSICA
Nº de Páginas Extensión 258 páginas ;
Dimensiones 25 cm.
440 ## - MENCIÓN DE SERIE/PUNTO DE ACCESO ADICIONAL--TÍTULO
Título Monografías fundamentales de derecho privado y público
Número de la parte/sección de una obra 27
9 (RLIN) 40070
505 ## - NOTA DE CONTENIDO CON FORMATO
Nota de contenido formateada Contenido : Acciones en el cuadro de la evolución económica jurídica de las sociedades anónimas -- El acto constitutivo de las sociedades -- Condición del socio...
650 ## - PUNTO DE ACCESO ADICIONAL DE MATERIA--TÉRMINO DE MATERIA
Descriptor Evolución económico
9 (RLIN) 40071
650 ## - PUNTO DE ACCESO ADICIONAL DE MATERIA--TÉRMINO DE MATERIA
Descriptor Deberes del accionista
9 (RLIN) 40072
650 ## - PUNTO DE ACCESO ADICIONAL DE MATERIA--TÉRMINO DE MATERIA
Descriptor Derechos del accionista
9 (RLIN) 40073
650 ## - PUNTO DE ACCESO ADICIONAL DE MATERIA--TÉRMINO DE MATERIA
Descriptor Teoría jurídica
9 (RLIN) 40074
942 ## - ELEMENTOS DE PUNTO DE ACCESO ADICIONAL (KOHA)
Fuente de clasificación
Tipo de item Libros-BMC
945 ## - PROCESAMIENTO DE INFORMACIÓN LOCAL (OCLC)
Catalogador rcc
Holdings
Estado de retiro (separado) Fuente de clasificación o esquema de estanterías Estado dañado Ubicación Sala donde se ubica Nombre de la colección Fecha de adquisición o compra Costo, precio normal en soles Signatura topográfica Código de Barras Última vez visto (Koha) Tipo de ítem (Koha)
No     Sala Humanidades Sala Humanidades Book Cart 2019-05-16 15.00 332.62 / G27 SH0000014004 2019-05-16 Libros-BMC

Powered by Koha